Газеты и журналы за 1857-1863 г. и разрозненные листки прибавлений к журналу "Калужские губернские ведомости"

Доступно только в Электронных читальных залах Найти на картеНа карте
RUSMARC
00003852nmc2a22002533x 450
001a943f0b9-233a-460d-ba70-69d741b742ee
00520211220212645.0
100##$a20211122l18571863k y0rusy50 ca
1010#$arus
102##$aRU
105##$aa z |||||
1222#$ad18571231
$ad18631231
2001#$aГазеты и журналы за 1857-1863 г. и разрозненные листки прибавлений к журналу "Калужские губернские ведомости"
$j1857-1863
215##$a172 листа
$cтабл.
251##$cДело
300##$aЛисты: 1-172 - печатные издания (ведомости, газеты, журналы)
300##$aНапечатано типографским способом
330##$aВходит в раздел описи: Печатные материалы
461#0$1001702d5e87-6901-4c63-8165-d848da7b6444
$12001
$aАрцимович Виктор Антонович, сенатор, Тобольский (1854-1858 гг.) и Калужский (1858-1862 гг.) губернатор, вице-председатель государственного совета Царства Польского (С 1863 г.)
$1251
$cФонд
$1852
$j815
462#0$1001559b76c2-49f1-4f4f-bd3c-238599c7510c
$12001
$aДела постоянного хранения. 1821-1891
$vД. 506
$1251
$cОпись
$1852
$j1
600#1$aАрцимович
$bВ. А.
$gВиктор Антонович
801#0$aRU
$bGA_RF
801#1$aRU
$bГлавНИВЦ
$c20211122
$2rusmarc
801#2$aRU
$bПБ им. Б.Н. Ельцина
$c20211220
$gRCR
$2rusmarc
852##$aГА РФ
$j506
937##$d171872943
$hГАРФ
035##$aRuPRLIB51063019
856##$uhttp://readingroom.main.prlib.ru/item.aspx?id_node=n171872943&mode=full
Формат отображения